000 00965cam a2200313 i 4500
001 58327
003 Mx-PuUPA
005 20240801091321.0
008 140415s2009 mx gr 000 e spa d
020 _a9685146160
040 _cMx-PuUPA
_aMx-PuUPA
_bspa
_dMx-PuUPA
_erda
041 0 _aspa
100 1 _aMachiavelli, Niccolò,
_d1469-1527
_92881
_eautor
245 1 3 _aEl príncipe /
_cNicolás Maquiavelo
246 3 3 _aMaquiavelo
250 _a2009
264 1 _aCiudad Nezahualcóyotl, Estado de México :
_bEdiciones Leyenda,
_c2009
300 _a107 páginas ;
_c21 cm
336 _2rdacontent
_atexto
_btxt
337 _2rdamedia
_asin medio
_bn
338 _2rdacarrier
_avolumen
_bnc
490 0 _aColección Clásicos
545 1 _aReimpresiones (edición, 2012).
650 7 _2armarc
_aCiencias políticas
650 7 _2armarc
_aÉtica política
942 _2ddc
_cLI
_h320
_iM113
999 _c58327
_d58327